Azja Środkowa: Quiz wielokrotnego wyboru - Statystyki

Ogólne statystyki
  • Ten quiz został rozwiązany 15 razy
    6 od ostatniego zresetowania
  • Średni wynik to 9 z 12
Statystyki odpowiedzi
Zagadnienie Odpowiedź % Poprawnych
Stolicą Kazachstanu jest: Astana
100%
Kazachstan posiada ponad 20% terytorium w Europie: Prawda czy fałsz? Fałsz
100%
W czasach ZSRR jedna z republik nie była uważana za część Azji Centralnej. Która? Kazachstan
100%
Które z państw ma stolicę Biszkek? Kirgistan
100%
Język Turkmeński jest podobny do Tureckiego. Prawda czy fałsz? Prawda
100%
Który odłam islamu dominuje we wszystkich z tych państw? Sunnicki
100%
Który z języków jako jedyny nie należy do tej samej rodziny językowej co pozostałe? Tadżycki
100%
Które z tych państw ma wskaźnik wolności prasy porównywalny do Korei Północnej? Turkmenistan
67%
Który ma największą populację? Uzbekistan
67%
Ile testów bomb jądrowych Związek Radziecki przeprowadził na terenie Kazachstanu? 456
33%
Które z państw zostało w ZSRR jako ostatnie? Kazachstan
33%
Które z tych państw jest podwójnie Śródlądowe? Uzbekistan
33%
Nie znaleziono quizów pasujących do podanych kryteriów
Rozkład punktacji
Procent ludzi z każdym wynikiem
Percentyl według liczby udzielonych odpowiedzi
Twoja historia wyników
Nie rozwiązałeś tego quizu od ostatniego zresetowania